| 000 | 01265cam a22003617a 4500 | ||
|---|---|---|---|
| 003 | CHAP | ||
| 005 | 20220329142103.0 | ||
| 008 | 990608d1996 mx a r 00110 spa d | ||
| 010 | _a78184 | ||
| 011 | _a79156 | ||
| 020 | _a9687680148 | ||
| 035 | _a89320 | ||
| 040 | _cCHAP | ||
| 082 | 0 | 4 |
_a526.9 _bP4 1997 |
| 100 | 0 | 0 |
_aPérez Nieto, Samuel. _989885 |
| 245 | 1 | 0 |
_aTopografía _c/por Samuel Pérez Nieto y Francisco Raúl Hernández Saucedo |
| 250 | _a2 ed. | ||
| 260 |
_aMéxico D.F. : _bFernando Porrua, _c1998. |
||
| 300 |
_a237 p. : _bilus. |
||
| 590 |
_aBATCH-UPD _b10 _c20130110 _lUCH01 _h1208 |
||
| 590 |
_aBATCH-UPD _b10 _c20130410 _lUCH01 _h0748 |
||
| 590 |
_aBATCH-UPD _b10 _c20130914 _lUCH01 _h1905 |
||
| 590 |
_aCONVERSION _b10 _c20130109 _lUCH01 _h1343 |
||
| 650 | 1 | 4 |
_aTopografía. _9113907 |
| 650 | 1 | 4 |
_aTopografía _xAparatos e instrumentos. _9113908 |
| 700 | 0 |
_aHernández Saucedo, Francisco Raúl. _954609 |
|
| 901 | _aBK | ||
| 905 | _aMayto Villalobos S. | ||
| 942 | _cLIBRO | ||
| 949 |
_a526.9 P4 1997 _bBC _cLIBRO _d33724000725693 _eLIBRO _fc.2 _h95551 _i89320 _si |
||
| 949 |
_a526.9 P4 1997 _bBC _cLIBRO _d33724000725701 _eLIBRO _h95550 _i89320 _si |
||
| 949 |
_a526.9 P4 1997 _bBC _cLIBRO _d33724000972329 _eLIBRO _fc.3 _gI.203207 _h97719 _i89320 _si _t128.00 |
||
| 999 |
_c78184 _d78184 |
||